00482 a2200169 450000100060000002000150000604000220002110000280004324000360007124500310010730000080013836200090014665000250015594200070018095201080018799900170029558617 a8508073089 cAnchieta - Pituba aOliveri, Antonio Carlos10aCronistas do descobrimentolpor10aCronistas do descobrimento a1500 a1999 4aCrônica brasileira cBK 00104070a91.1b91.1d2023-11-21l0o869.98 C947c CROp9331/PITr2023-11-21 18:26:30w2023-11-21yBK c58617d58617